000 00765nam a2200277Ia 4500
001 4461
005 20240113233738.0
007 ta
008 050613s1993 a g b000 u asm u
020 _cHB
040 _aCotton College,Assam
041 _aasm
082 _a320.954
_bDe 45 Bh
100 _aDeshai, A.R. .
245 0 _aBharatia Jatiotabadar Samajik Patbhumi /
_cA.R. Deshai.
_hTextual Documents
250 _a1st ed. /
260 _aNew Delhi :
_bBharatia Itihasar Anushandhan Parishad ,
_c1993.
300 _a499p. :
_bill. ;
_c22cm .
504 _aIndex
653 _aAssamese-Political Science-India
653 _aPolitical Science-India
653 _aPG-Assamese
942 _2ddc
_cBK
999 _c4448
_d4448